| 000 | 00373nam a2200133Ia 4500 | ||
|---|---|---|---|
| 008 | 240624s9999 xx 000 0 und d | ||
| 041 | _aeng | ||
| 082 | _a025 BAL | ||
| 100 | _aBALASUBRAMANIAN P | ||
| 245 | _aRESEARCH METHODOLY IN LIBRARY SCIENCE | ||
| 260 |
_c2011 _aNew Delhi _bDeep & Deep Publications Pvt. Ltd. |
||
| 300 | _aix, : 333 : p. : cm. ; 25 | ||
| 365 |
_cRS _b20 |
||
| 999 |
_c16574 _d16574 |
||